00620nam a2200169Ia 4500008004100000020001800041041000800059082001600067100002700083245012300110250000600233260003000239300001000269650002200279999001900301952013000320210716s2010 xx 000 0 und d a9788184893922 aeng a004.65 WAIA aLoo, Alfred Wai Sing. aPeer to peer computing: building supercomputers with web technologies.bBuilding supercomputers with web technologies. a1 aNew DelhibSpringerc2010 ax,268 aComputer Networks c190442d190442 001040708MCAaAIMITbAIMITeKnowledge Worldg445.00l0o004.65 WAIApMCA09950r2025-07-21 00:00:00v333.75w2021-07-16yBK